000 00306nam a2200133Ia 4500
001 10740
008 140331s9999 xx 000 0 und d
040 _cPK-LaUMT
082 _a 220
_bFAM-
245 4 _aThe family worship Bible : New international version
260 _c1991
546 _aEN
942 _cBK
999 _c11700
_d11700